000 00290nam a22001337a 4500
008 170602b xxu||||| |||| 00| 0 eng d
020 _a9780321159755
041 _aeng
080 _a94
100 _a17
101 _aSHH
245 _aIDEALS AND IDEOLOGIES
_cDAGGER.R
942 _2udc
_cBK
999 _c15740
_d15740